[Event "P-3644"]
[Site "IECC email"]
[Date "2004.03.08"]
[Round "?"]
[White "Blackman, Leon"]
[Black "Price, John"]
[Result "0-1"]
[WhiteElo "1394"]
[BlackElo "1498"]
[PlyCount "66"]
[EventDate "2004.??.??"]
[EventType "tourn (corr)"]
[SourceTitle "Corr 2020"]
[Source "ChessBase"]
[SourceDate "2019.09.30"]
[SourceVersion "1"]
[SourceVersionDate "2019.09.30"]
[SourceQuality "1"]
[WhiteTeam "Australia"]
[BlackTeam "United States"]
[WhiteTeamCountry "AUS"]
[BlackTeamCountry "USA"]

1. e4 c5 2. Nf3 d6 3. g3 g6 4. Bg2 Bg7 5. 0-0 Nc6 6. c3 e5 7. d3 Nge7 8. a3 0-0 9. b4 Bg4 10. h3 Be6 11. Be3 Qc8 12. Kh2 b6 13. Ng5 Bd7 14. f4 h6 15. Nf3 exf4 16. Bxf4 d5 17. Bd6 cxb4 18. axb4 Re8 19. b5 Na5 20. Nd4 dxe4 21. Bxe4 Bxh3 22. Rf2 Nf5 23. Nxf5 Bxf5 24. Bxa8 Qxa8 25. Bb4 Qd5 26. Bxa5 Re3 27. d4 Be5 28. Rg2 Bxg3+ 29. Rxg3 Qd6 30. Qg1 Re2+ 31. Qg2 Rxg2+ 32. Kxg2 Be4+ 33. Kh2 Qf4 0-1

[Event "P-3325"]
[Site "IECC email"]
[Date "2003.04.04"]
[Round "?"]
[White "Price, John"]
[Black "Tarzia, Paolo"]
[Result "1-0"]
[WhiteElo "1478"]
[BlackElo "1580"]
[PlyCount "103"]
[EventDate "2003.??.??"]
[EventType "tourn (corr)"]
[SourceTitle "Corr 2020"]
[Source "ChessBase"]
[SourceDate "2019.09.30"]
[SourceVersion "1"]
[SourceVersionDate "2019.09.30"]
[SourceQuality "1"]
[WhiteTeam "United States"]
[BlackTeam "Italy"]
[WhiteTeamCountry "USA"]
[BlackTeamCountry "ITA"]

1. e4 c6 2. d4 d5 3. Nd2 dxe4 4. Nxe4 Nf6 5. Nxf6+ gxf6 6. c3 Bf5 7. Nf3 Qc7 8. g3 e6 9. Bg2 Nd7 10. 0-0 Bg4 11. b4 h5 12. h3 Bxf3 13. Qxf3 h4 14. Bf4 Bd6 15. Bxd6 Qxd6 16. b5 hxg3 17. fxg3 cxb5 18. Qxb7 Rb8 19. Qf3 a6 20. Rae1 Ke7 21. d5 Rbg8 22. dxe6 fxe6 23. Re3 Rg5 24. h4 Rg7 25. Rd1 Qb6 26. Kf1 Ne5 27. Qf2 Rg4 28. Bh3 Ra4 29. Kg2 Qc6+ 30. Kg1 Ng4 31. Bxg4 Rxg4 32. Kh2 Rh5 33. Red3 Rd5 34. Rxd5 exd5 35. Rd2 Qd6 36. Kh3 Rc4 37. Re2+ Re4 38. Qa7+ Ke6 39. Re3 Re5 40. Rf3 f5 41. h5 Re4 42. h6 Re1 43. Re3+ Rxe3 44. Qxe3+ Kf7 45. Qa7+ Ke8 46. Qg7 Qf8 47. Qe5+ Kd7 48. Qxd5+ Ke7 49. h7 Qg7 50. Qc5+ Ke6 51. Qc8+ Ke7 52. Kg2 1-0